War and mammon /

Bibliographic Details
Main Author: Horton, George, 1860-1942
Format: Microform Book
Language:English
Published: Wausau, Wis. : Philosopher Press, [Van Vechten & Ellis], 1900.
Series:Pamphlets in American history. Spanish-American War, 1898 ; SA 152.
Subjects:

MARC

Tag First Indicator Second Indicator Subfields
LEADER 00000cam a2200000ua 4500
001 in00001180813
005 20151002050621.0
007 he umb???buca
008 830107s1900 wiu b 000 0 eng d
035 |a (OCoLC)16122013 
035 |9 AGG9083AM 
037 |a CL0104500004  |b University Microfilms International 
037 |b University Microfilms International, 300 N. Zeeb Rd., Ann Arbor, MI 48106 
040 |a UMI  |c UMI  |d TXA  |d UtOrBLW 
049 |a TXAI 
099 |a fiche  |a C  |a no. 16928 
100 1 |a Horton, George,  |d 1860-1942. 
245 1 0 |a War and mammon /  |c by George Horton. 
264 1 |a Wausau, Wis. :  |b Philosopher Press, [Van Vechten & Ellis],  |c 1900. 
300 |a 48 pages ;  |c 18 cm. 
336 |a text  |b txt  |2 rdacontent 
337 |a microform  |b h  |2 rdamedia 
338 |a microfiche  |b he  |2 rdacarrier 
500 |a In verse. 
533 |a Microfiche.  |b Sanford, N.C. :  |c Microfilming Corp. of America,  |d 1982.  |e 1 sheet ; 11 x 15 cm.  |f (Pamphlets in American history : Spanish-American War, 1898 ; SA 152) 
539 |a s  |b 1982  |d ncu  |e n 
500 |a Microform. 
650 0 |a Spanish-American War, 1898  |x Poetry. 
830 0 |a Pamphlets in American history.  |p Spanish-American War, 1898 ;  |v SA 152. 
999 |a MARS 
999 f f |s 90c1529d-cf54-3c69-ab12-1363e705c486  |i fb434376-26e2-3798-acba-cd8547a110da  |t 0 
952 f f |p default  |a Texas A&M University  |b College Station  |c Sterling C. Evans Library  |d Evans: Microforms (3rd floor)  |t 0  |e fiche C 16928  |h Other scheme  |i microform -- microfiche 
998 f f |a fiche C 16928  |t 0  |l Evans: Microforms (3rd floor)